Color atlas of ophthalmic surgery : (Record no. 112838)

MARC details
000 -LEADER
fixed length control field 01084nam a2200277 a 4500
003 - CONTROL NUMBER IDENTIFIER
control field OSt
005 - DATE AND TIME OF LATEST TRANSACTION
control field 20240403092403.0
008 - FIXED-LENGTH DATA ELEMENTS--GENERAL INFORMATION
fixed length control field
020 ## - INTERNATIONAL STANDARD BOOK NUMBER
International Standard Book Number 0397510217 (hardback)
040 ## - CATALOGING SOURCE
Transcribing agency NUST
Original cataloging agency NUST
Language of cataloging eng
Modifying agency NUST
Description conventions rda
050 ## - LIBRARY OF CONGRESS CALL NUMBER
Classification number REF RE336COL
100 1# - MAIN ENTRY--PERSONAL NAME
Personal name Kratz, Richard P.
Relator term Author
245 10 - TITLE STATEMENT
Title Color atlas of ophthalmic surgery :
Remainder of title cataracts /
Statement of responsibility, etc. Richard P. Kratz, H. John Shammas ; Kenneth W. Wright, editor-in-chief ; Stephen J. Ryan, Jr., consultant.
260 ## - PUBLICATION, DISTRIBUTION, ETC.
Place of publication, distribution, etc. Philadelphia :
Name of publisher, distributor, etc. J. B. Lippincott,
Date of publication, distribution, etc. c1991.
300 ## - PHYSICAL DESCRIPTION
Extent xvii, 226 pages :
Other physical details coloured illustrations ;
Dimensions 29 cm.
336 ## - CONTENT TYPE
Source rdacontent
Content type term text
Content type code txt
337 ## - MEDIA TYPE
Source rdamedia
Media type term unmediated
Media type code n
338 ## - CARRIER TYPE
Source rdacarrier
Carrier type term volume
Carrier type code nc
440 #0 - SERIES STATEMENT/ADDED ENTRY--TITLE
Title Color atlas of ophthalmic surgery.
504 ## - BIBLIOGRAPHY, ETC. NOTE
Bibliography, etc. note Includes bibliographical references.
650 #2 - SUBJECT ADDED ENTRY--TOPICAL TERM
Topical term or geographic name entry element Cataract Extraction
Form subdivision Atlases.
700 1# - ADDED ENTRY--PERSONAL NAME
Personal name Shammas, H. John.
Relator term Author
700 1# - ADDED ENTRY--PERSONAL NAME
Personal name Wright, Kenneth W.
Relator term Editor
907 ## - LOCAL DATA ELEMENT G, LDG (RLIN)
a .b10159551
b 28-05-13
c 14-03-05
942 ## - ADDED ENTRY ELEMENTS (KOHA)
Koha item type Reference Material
Call number prefix REF RE80 KRA
Source of classification or shelving scheme Library of Congress Classification
Classification part REF RE80 KRA
Call number suffix KRA
Suppress in OPAC No
Holdings
Date last seen Total Checkouts Full call number Barcode Cost, replacement price Price effective from Koha item type Lost status Source of classification or shelving scheme Damaged status Not for loan Collection Withdrawn status Home library Current library Shelving location Date acquired Cost, normal purchase price
01/23/2023   REF RE336COL KRA 92004017981 80.00 01/23/2023 BOOKS   LCC     NFIC   MAIN MAIN GEN 01/23/2023 80.00
01/20/2023   RE80 KRA 92003027884 80.00 01/20/2023 BOOKS   LCC     NFIC   Medical Medical GEN 01/20/2023 80.00
01/20/2023   RE80 KRA 92003027818 80.00 01/20/2023 BOOKS   LCC     NFIC   Medical Medical GEN 01/20/2023 80.00
01/20/2023   RE80 KRA 92003027866 80.00 01/20/2023 BOOKS   LCC     NFIC   Medical Medical GEN 01/20/2023 80.00
01/20/2023   RE80 KRA 92003027836 80.00 01/20/2023 BOOKS   LCC     NFIC   Medical Medical GEN 01/20/2023 80.00
01/20/2023   RE80 KRA 92003036389 80.00 01/20/2023 BOOKS   LCC     NFIC   Medical Medical GEN 01/20/2023 80.00
01/20/2023   RE80 KRA 92003035916 80.00 01/20/2023 BOOKS   LCC     NFIC   Medical Medical GEN 01/20/2023 80.00